Sklonnosc do eksportu przedsiebiorstwa przemyslowego

Saved in:
Bibliographic Details
Main Author: Olszewska, Barbara
Format: Book
Language:Polish
Published: Wroclaw Akademia Ekon. im. Oskara Langego 1991
Edition:1. wyd.
Series:Prace naukowe. Nr.562
Tags: Add Tag
No Tags, Be the first to tag this record!

MARC

LEADER 00000nam a2200000 4500
001 c026321
005 20250630093517.3
041 0 |a pol 
044 |a PL 
245 1 0 |a Sklonnosc do eksportu przedsiebiorstwa przemyslowego  |c Barbara Olszewska 
250 |a 1. wyd. 
264 1 |a Wroclaw  |b Akademia Ekon. im. Oskara Langego  |c 1991 
300 |a 136 s. 
490 1 |a Prace naukowe. Nr.562 
830 0 |a Prace naukowe. Nr.562 
100 1 |a Olszewska, Barbara